|
|
|
|
| LEADER |
00000nam0a2200000 4500 |
| 001 |
11857 |
| 005 |
20231030183946.0 |
| 010 |
|
|
|a 5250026346
|
| 035 |
|
|
|a (RuTPU)RU\TPU\book\11931
|
| 035 |
|
|
|a BOOK00011997
|
| 090 |
|
|
|a 11857
|
| 100 |
|
|
|a 20011209d1999 km y0rusy50 ca
|
| 101 |
0 |
|
|a rus
|
| 102 |
|
|
|a RU
|
| 105 |
|
|
|a a z 000zy
|
| 200 |
1 |
|
|a Силуэты русских художников
|f С. К. Мековский
|
| 210 |
|
|
|a Москва
|c Республика
|d 1999
|
| 215 |
|
|
|a 383 с.
|c ил.
|
| 610 |
1 |
|
|a искусство
|
| 610 |
1 |
|
|a искусствоведение
|
| 610 |
1 |
|
|a русская живопись
|
| 610 |
1 |
|
|a русские художники
|
| 610 |
1 |
|
|a стилисты
|
| 610 |
1 |
|
|a кубизм
|
| 610 |
1 |
|
|a импрессионизм
|
| 675 |
|
|
|a 7.072(092)
|v 3
|
| 675 |
|
|
|a 75.071(092)
|v 3
|
| 700 |
|
1 |
|a Мековский
|b С. К.
|g Сергей Константинович
|
| 801 |
|
0 |
|a RU
|b 63413507
|c 20011209
|g PSBO
|
| 801 |
|
2 |
|a RU
|b 63413507
|c 20111128
|g PSBO
|
| 900 |
|
|
|a Мировая культура и искусство
|
| 942 |
|
|
|c BK
|